00940nam a2200253 a 450000100100000000500170001000800410002702000150006804000250008308200150010810000240012324501040014726000550025130000210030649000190032750000380034650000630038470000310044770000430047883000260052104900090054795201130055699900170066900002023220200929170326.0100728s2005 ve 000 0 spa d a9802763918 aDO-SdBNPbspacBNPHU axxxbT758m1 aTraba, Marta94283910aMirar en América /cMarta Traba ; prólogo Ana Pizarro ; presentación Juan Gustavo Cobo Borda. aCaracas :bFundación Biblioteca Ayacucho,c2005. a431 p. ;c23 cm.1 aClásicav218 aIncluye notas al pie de páginas aIncluye datos biográficos del autor en la contracubierta1 aPizarro, Anaeprol.9428401 aCobo Borda, Juan Gustavoepres.942841 0aClásican218942842 aBNPD 001050718MOaGRbGRcCTd2010-07-28iLF1l0oxxx T758mp20232-10r2020-06-25w2020-06-25y1ZNo se presta c19737d19737